| 000 -CABECERA |
| fixed length control field |
02106nam a22003137a 4500 |
| 003 - IDENTIFICADOR DEL NÚMERO DE CONTROL |
| control field |
AR-CdUCM |
| 008 - DATOS DE LONGITUD FIJA--INFORMACIÓN GENERAL |
| fixed length control field |
190425b ||||| |||| 00| 0 spa d |
| 040 ## - FUENTE DE LA CATALOGACIÓN |
| Agencia/entidad que catalogó originalmente la obra |
MUNICIPALIDAD PROVINCIAL DEL CUSCO |
| Entidad que transcribió la catalogación |
BIBLIOTECA MUNICIPAL DEL CUSCO |
| 082 ## - NÚMERO DE LA CLASIFICACIÓN DECIMAL DEWEY |
| No. de Clasificación |
Cantua/N°13/2006 |
| 245 ## - MENCIÓN DE TÍTULO |
| Título |
Revista Cantua / |
| Mención de responsabilidad |
Órgano del Centro de estudiantes de Ciencias Biológicas |
| 260 ## - PUBLICACIÓN, DISTRIBUCIÓN, ETC. |
| Lugar de publicación, distribución, etc. |
Cusco : |
| Nombre de la editorial, distribuidor, etc. |
Órgano del Centro de estudiantes de Ciencias Biológicas, |
| Fecha de publicación, distribución, etc. |
2006. |
| 300 ## - DESCRIPCIÓN FÍSICA |
| Nº de Páginas Extensión |
69 páginas. : |
| Otros detalles físicos |
ilustraciones ; |
| Dimensiones |
29 cm. |
| 440 ## - MENCIÓN DE SERIE/PUNTO DE ACCESO ADICIONAL--TÍTULO |
| Título |
Cantua |
| Número de la parte/sección de una obra |
Número 13, año 2006. |
| 9 (RLIN) |
46977 |
| 505 ## - NOTA DE CONTENIDO CON FORMATO |
| Nota de contenido formateada |
Contenido: Determinación del número cromosómico y cariotipo del K´aspicuro. -- Bioinformática ciencia y herramienta. -- Valoración económica de la Mazasamba especie promisoria del Valle de La Convención Cuso. -- Flora Arbustiva de la microcuenca de Cachimayo Cusco. -- Evaluación de la flora en los sectores de Qorihuayrachina, Runcuracay y Cruzpata Santuario Histórico de Machupicchu. -- Contribución al conocimiento de la familia cactaceae en la micro cuenca del río Lucre. -- Bioindicadores reofilos del río Saphy Cusco. -- Biodiversidad y cultura aliados del ecoturismo caso comunidad de Santa Rosa de Huacaría RBM. -- Contaminación de aguas recreacionales termales en el departamento del Cusco. -- Evaluación del impacto ambiental de la actividad artesanal para el turismo en Ccorao. -- Diversidad de Macromicetos en la microcuenca de K´ayra Cusco. -- Cambio climático en el Valle del Cusco. -- Vulnerabilidad ambiental del Santuario Histórico de Machupicchu... |
| 650 ## - PUNTO DE ACCESO ADICIONAL DE MATERIA--TÉRMINO DE MATERIA |
| Descriptor |
Biología |
| 9 (RLIN) |
881 |
| 650 ## - PUNTO DE ACCESO ADICIONAL DE MATERIA--TÉRMINO DE MATERIA |
| Descriptor |
Ecología |
| 9 (RLIN) |
4960 |
| 650 ## - PUNTO DE ACCESO ADICIONAL DE MATERIA--TÉRMINO DE MATERIA |
| Descriptor |
Impacto Ambiental |
| 9 (RLIN) |
44210 |
| 650 ## - PUNTO DE ACCESO ADICIONAL DE MATERIA--TÉRMINO DE MATERIA |
| Descriptor |
Machupicchu |
| 9 (RLIN) |
1751 |
| 650 ## - PUNTO DE ACCESO ADICIONAL DE MATERIA--TÉRMINO DE MATERIA |
| Descriptor |
Biodiversidad |
| 9 (RLIN) |
19327 |
| 650 ## - PUNTO DE ACCESO ADICIONAL DE MATERIA--TÉRMINO DE MATERIA |
| Descriptor |
Cusco |
| 9 (RLIN) |
772 |
| 700 ## - PUNTO DE ACCESO ADICIONAL--NOMBRE DE PERSONA |
| Nombre Personal |
Tupayachi Herrera, Alfredo |
| 9 (RLIN) |
20659 |
| 700 ## - PUNTO DE ACCESO ADICIONAL--NOMBRE DE PERSONA |
| Nombre Personal |
Tupayachi Madera, Emperatriz |
| 9 (RLIN) |
46978 |
| 700 ## - PUNTO DE ACCESO ADICIONAL--NOMBRE DE PERSONA |
| Nombre Personal |
Corimanya Aucca Pacha, Jeny |
| 9 (RLIN) |
46979 |
| 700 ## - PUNTO DE ACCESO ADICIONAL--NOMBRE DE PERSONA |
| Nombre Personal |
Muñiz Duran, Griselda |
| 9 (RLIN) |
46980 |
| 700 ## - PUNTO DE ACCESO ADICIONAL--NOMBRE DE PERSONA |
| Nombre Personal |
Vera Ferchau, Ingrid |
| 9 (RLIN) |
46981 |
| 710 ## - PUNTO DE ACCESO ADICIONAL--NOMBRE DE ENTIDAD CORPORATIVA |
| Nombre corporativo (En letras Mayúsculas) |
Universidad Nacional de San Antonio Abad del Cusco |
| 9 (RLIN) |
15942 |
| 942 ## - ELEMENTOS DE PUNTO DE ACCESO ADICIONAL (KOHA) |
| Fuente de clasificación |
|
| Tipo de item |
Revistas cusqueñas |
| 945 ## - PROCESAMIENTO DE INFORMACIÓN LOCAL (OCLC) |
| Catalogador |
rac |